Foro: ponencias y conclusiones /
Guardat en:
| Autor corporatiu: | , |
|---|---|
| Format: | Text |
| Publicat: |
San José:
Banco Popular y de Desarrollo Comunal
|
| Etiquetes: |
Afegir etiqueta
Sense etiquetes, Sigues el primer a etiquetar aquest registre!
|
MARC
| LEADER | 00000 a a2200000 04500 | ||
|---|---|---|---|
| 001 | 31776 | ||
| 003 | |||
| 040 | |||
| 090 | |a 198602 | ||
| 110 | |a Banco Popular y de Desarrollo Comunal | ||
| 245 | |a Foro: ponencias y conclusiones / |c Banco Popular y de Desarrollo Comunal | ||
| 260 | |a San José: |b Banco Popular y de Desarrollo Comunal | ||
| 300 | |a 70 p. |b il. | ||
| 710 | |a Asamblea de Trabajadores del Banco Popular y de Desarrollo Comunal | ||
| 999 | |c 3226 |d 3226 | ||
